| 000 | 01359cam a22003018a 4500 | ||
|---|---|---|---|
| 001 | ENG-90460 | ||
| 005 | 20041027072032.0 | ||
| 008 | 031105s2004 nyua 001 0 eng | ||
| 010 | _aENG-90460 | ||
| 020 |
_a9788120335561 _c225.00 |
||
| 035 | _aEN-73993 | ||
| 037 | _bDBAD / PUB | ||
| 040 |
_aDPL _bEN |
||
| 082 | _a658.404 / KEN | ||
| 100 | _aKendrick, Tom. | ||
| 245 |
_aThe project management tool kit : _b100 tips and techniques for getting the job done right / _cTom Kendrick. |
||
| 260 |
_aNew Delhi _bPrentice-Hall of India _c2008. |
||
| 300 |
_axv, 233 p. : _bill. ; _c23 cm. |
||
| 500 | _a"Includes processes from all of the areas outlined in the Project Management Institute (PMI) PMBOKr Guide, 2000 Edition"--P. xi. | ||
| 500 | _aIncludes index. | ||
| 650 | _aProject management | ||
| 710 | _aProject Management Institute. | ||
| 730 | _aGuide to the project management body of knowledge (PMBOK guide) | ||
| 856 |
_3Table of contents _uhttp://www.loc.gov/catdir/toc/ecip0410/2003023995.html |
||
| 942 |
_2ddc _cEN _h658.404 _mKEN |
||
| 999 |
_c14234 _d14234 |
||